| 000 | 00801nam a2200241Ia 4500 | ||
|---|---|---|---|
| 003 | OSt | ||
| 005 | 20260409101210.0 | ||
| 008 | 220923b |||||||| |||| 00| 0 eng d | ||
| 020 | _a818561833X | ||
| 037 | _cGeneral Book | ||
| 040 |
_aRTL _cRTL _beng |
||
| 041 |
_2eng _aeng |
||
| 084 |
_aY:3(NW).211KG.N9, N3 _qRTL |
||
| 100 |
_aDickey Sara _9150650 |
||
| 245 | 0 | _aCinema and the urban poor in South India | |
| 260 |
_aCambridge _bCambridge University Press _c1993 |
||
| 300 |
_axiii, 213 p. _bIncludes bibliographical references and index |
||
| 490 | _aCambridge Studies in Social and Cultural Anthropology, 92 | ||
| 500 | _aBibliography: P 195-202 | ||
| 650 |
_aFine Art Society _9239872 |
||
| 942 |
_hY:3(NW).211KG.N9, N3 _cGB _2CC |
||
| 999 |
_c494358 _d494358 |
||